Statistics for Biggest cities on the Iberian Peninsula

Click here to take the quiz!

General Stats

  • This quiz has been taken 379 times
    (375 since last reset)
  • The average score is 7 of 10

Answer Stats

PopulationCity% Correct
3,223,334Madrid
100%
1,620,343Barcelona
99%
504,718Lisbon
99%
791,413Valencia
93%
688,711Seville
91%
345,821Bilbao
76%
571,026Málaga
69%
666,880Zaragoza
66%
447,182Murcia
47%
377,835Sintra
6%

Score Distribution

Percentile by Number Answered

Percent of People with Each Score

Your Score History

You have not taken this quiz since the last reset